000 00308nam a2200133 i 4500
001 bg
100 1 _aSIKORA, Robert
245 0 _aPrzetwórstwo tworzyw sztucznych /
_cR. Sikora.
260 _aBydgoszcz,
_c1977.
040 _cBPK
041 _apol
942 _cKS
008 s pl f |000 0 pol
999 _c9411
_d9411
856 _uhttp://koha.tu.koszalin.pl/cgi-bin/koha/opac-detail.pl?biblionumber=9411
_yKatalog online BPK